00588nam a2200157 a 450000100100000000500170001000800410002704000250006808200150009310000400010824500570014826000750020530000200028095201130030099900170041300002688020200930030451.0110328s1940 dr r 000 0 spa d aDO-SdBNPbspacBNPHU axxxxbxxxx1 aGarcia Aybar, José Ernesto95399214aLas leyes de interés social en la era de Trujillo. aCiudad Trujillo, República Dominicana, :bPartido Dominicano,c1940. a32 p. ;c22 cm. 0010718PDaPDbPDcCTd2011-03-28iLF1l0oxxxx xxxxp26880-10r2020-06-25w2020-06-25yLFPDZNo se presta c26372d26372